Diseño de un sistema de corredores de vida silvestre en bosques productores de maderas de la Guayana Venezolana (Registro nro. 10282)

Detalles MARC
000 -CABECERA
Campo de control 006180000a22001690004500
090 ## - CLASIFICACIÓN LOCAL
Colección AR
Consecutivo 01196
041 0# - IDIOMA
Código de idioma para texto/pista de sonido o título separado
100 1# - ASIENTO PRINCIPAL--NOMBRE PERSONAL
Nombre personal Ochoa G., José
245 10 - MENCION DE TITULO
Título Diseño de un sistema de corredores de vida silvestre en bosques productores de maderas de la Guayana Venezolana
650 14 - ASIENTO SECUNDARIO DE MATERIA - TERMINO TEMATICO
Término temático o nombre geográfico como elemento de entrada Puente biológico
650 14 - ASIENTO SECUNDARIO DE MATERIA - TERMINO TEMATICO
Término temático o nombre geográfico como elemento de entrada Biología de la conservación
650 14 - ASIENTO SECUNDARIO DE MATERIA - TERMINO TEMATICO
Término temático o nombre geográfico como elemento de entrada Recursos forestales
650 14 - ASIENTO SECUNDARIO DE MATERIA - TERMINO TEMATICO
Término temático o nombre geográfico como elemento de entrada Corredores ecológicos
651 #4 - ASIENTO SECUNDARIO DE MATERIA - NOMBRE GEOGRAFICO
-- Guyana
-- Venezuela
773 1# - Item fuente:
Título Corredores Conservacionistas en la Región Centroamericana
Especificación de materiales 443
Paginas del Articulo 365-382
Lugar, editorial y fecha de publicación 1992?
942 ## - ELEMENTOS ADICIONALES (KOHA)
Tipo de ítem Artículo
Existencias
Withdrawn status Lost status Damaged status No para préstamo Colección Ubicación Permanente Ubicación actual Fecha de adquisición Fuente de Valor Datos de publicación Seriada Total Checkouts Número topográfico Inventario / Código de Barras Date last seen Ejemplar Price effective from Forma de adquisición Tipo de material
      No para Préstamo Hemeroteca Bogotá Bogotá 27/02/2015 Muñoz Saba, Yaneth Fuera de circulación   AR 01196 011518 25/03/2015 1 25/03/2015   Artículo